000 00682nam a2200253Ia 4500
003 OSt
005 20220912150344.0
006 a|||||r|||| 00| 0
007 ta
008 220909b |||||||| |||| 00| 0 eng d
024 _a55965
037 _cTextual
040 _aCSL
_beng
_cCSL
041 _aeng
082 _aJ.21, J6
100 _aMudaliar V T S
245 0 _aCommon cultivated crops of south india
260 _aMadras
_bAmudha Nilayam
_c1956
300 _axvi, 606p.
_ccm.
500 _aBibliography 604-606p.
_ccm.; Glossary 602-603p.
_ccm.
650 _aAgriculture
942 _hJ.21, J6
_cTEXL
_2CC
999 _c45745
_d45745